| 000 | 00605nam a2200193Ia 4500 | ||
|---|---|---|---|
| 003 | GCL | ||
| 008 | 140319s9999 xx 000 0 ara d | ||
| 040 |
_aGCL / _cGCL |
||
| 082 | 0 | 4 |
_a350.09 _bم ن |
| 100 | 1 | _aمحمد كامل ليلة | |
| 245 | 1 | 0 |
_aنظرية المؤسسات العامة / _cمحمد كامل ليلة |
| 260 |
_a[S.N] : _bجامعة بيروت العربية ، _c778 |
||
| 300 | _a214 ص | ||
| 490 |
_aجامعة بيروت العربية _v0 |
||
| 650 | 0 | 4 | _aلبنان |
| 650 | 0 | 4 | _aالمرافق العامة |
| 650 | 0 | 4 | _aالمؤسسات العامة |
| 942 |
_2ddc _cBK |
||
| 999 |
_c36676 _d36676 |
||